NBA Best Player From Each Team All-Time - Statistics

General Stats
  • This quiz has been taken 65 times
  • The average score is 25 of 30
Answer Stats
Hint Answer % Correct
Cleveland Cavaliers LeBron James
98%
Chicago Bulls Michael Jordan
98%
Utah Jazz Karl Malone
92%
Los Angeles Lakers Kobe Bryant
92%
Boston Celtics Larry Bird
92%
Dallas Mavericks Dirk Nowitzki
91%
Miami Heat Dwayne Wade
91%
New York Knicks Patrick Ewing
91%
Indiana Pacers Reggie Miller
91%
Orlando Magic Shaquille O’Neal
91%
San Antonio Spurs Tim Duncan
91%
Houston Rockets Hakeem Olajuwon
89%
Detroit Pistons Isiah Thomas
89%
Oklahoma City Thunder Russell Westbrook
89%
Minnesota Timberwolves Kevin Garnett
87%
Philadelphia 76ers Allen Iverson
85%
Milwaukee Bucks Kareem Abdul-Jabbar
85%
New Orleans Pelicans Anthony Davis
81%
Phoenix Suns Steve Nash
81%
Toronto Raptors Vince Carter
77%
Golden State Warriors Wilt Chamberlain
77%
Atlanta Hawks Dominque Wilkins
75%
Sacramento Kings Oscar Robertson
74%
Portland Trail Blazers Clyde Drexler
72%
Memphis Grizzlies Marc Gasol
72%
Brooklyn Nets Jason Kidd
70%
Los Angeles Clippers Blake Griffin
68%
Charlotte Hornets Kemba Walker
68%
Denver Nuggets Alex English
57%
Washington Wizards Elvin Hayes
49%
No matching quizzes found
Score Distribution
Percent of People with Each Score
Percentile by Number Answered
Your Score History
You have not taken this quiz